Moses: (Record no. 3737)

000 -LEADER
fixed length control field 00595nam a2200193 a 4500
001 - CONTROL NUMBER
control field :::00001469$&:&@@
003 - CONTROL NUMBER IDENTIFIER
control field OkBaRHE
005 - DATE AND TIME OF LATEST TRANSACTION
control field 20000607103244.0
008 - FIXED-LENGTH DATA ELEMENTS--GENERAL INFORMATION
fixed length control field j 000 0 eng u
040 ## - CATALOGING SOURCE
Transcribing agency
100 1# - MAIN ENTRY--PERSONAL NAME
Personal name Rawlinson, George, 1812-1902.
245 10 - TITLE STATEMENT
Title Moses:
Remainder of title his life and times.
260 ## - PUBLICATION, DISTRIBUTION, ETC. (IMPRINT)
Place of publication, distribution, etc New York, NY., :
Name of publisher, distributor, etc Anson D. F. Randolph & Company
Date of publication, distribution, etc nd
300 ## - PHYSICAL DESCRIPTION
Extent 205 p. ;
Dimensions 20 cm.
490 0# - SERIES STATEMENT
Series statement Men of the Bible.
650 ## - SUBJECT ADDED ENTRY--TOPICAL TERM
Topical term or geographic name as entry element Moses, the Patriarch
942 ## - ADDED ENTRY ELEMENTS (KOHA)
Source of classification or shelving scheme
Koha item type Books
Copies
Not for loan Date last seen Koha item type Damaged status Copy number Price effective from Shelving location Withdrawn status Source of classification or shelving scheme Full call number Barcode Date acquired Permanent Location Lost status
 2010-04-14Books 12010-04-14General Stacks  BS 580 .M6R314692010-04-14RHEMA Bible Training College